[Event "Corsica-chT"]
[Site "Porticcio"]
[Date "2007.05.13"]
[Round "5.5"]
[White "Filippini, Laurine"]
[Black "Bouttier, Nicolas"]
[Result "1-0"]
[WhiteElo "1350"]
[BlackElo "1600"]
[PlyCount "59"]
[EventDate "2007.03.07"]
[EventType "team"]
[EventRounds "9"]
[EventCountry "FRA"]
[SourceTitle "CBM 117 Extra"]
[Source "ChessBase"]
[SourceDate "2007.05.09"]
[SourceVersion "1"]
[SourceVersionDate "2007.05.09"]
[SourceQuality "1"]
[WhiteTeam "Echecs Club du Fium'Orbu"]
[BlackTeam "Corsica CC II"]
[WhiteTeamCountry "FRA"]
[BlackTeamCountry "FRA"]

1. e4 e5 2. Nf3 Nc6 3. Nc3 Bc5 4. Bc4 Nf6 5. Nxe5 Nxe5 6. d4 Bd6 7. dxe5 Bxe5 8. Bg5 d6 9. 0-0 h6 10. Bh4 Be6 11. Nd5 Qd7 12. c3 Bxd5 13. exd5 c6 14. Qf3 cxd5 15. Bxd5 Nxd5 16. Qxd5 Rb8 17. Rfe1 0-0 18. Rad1 Qf5 19. Rd3 Rfe8 20. Kf1 Qg4 21. Bg3 Qe6 22. Bxe5 dxe5 23. Qe4 f6 24. Rg3 g5 25. Qg6+ Kf8 26. Rf3 Ke7 27. Qg7+ Qf7 28. Rxe5+ Kd8 29. Qxf7 Rxe5 30. Rd3+ 1-0